Recent theories of narrative

Guardat en:
Dades bibliogràfiques
Autor principal: Martin, Wallace (autor)
Format: Llibre
Idioma:anglès
Publicat: Ithaca Cornell University 1986
Matèries:
Etiquetes: Afegir etiqueta
Sense etiquetes, Sigues el primer a etiquetar aquest registre!

MARC

LEADER 00000nam a2200000 a 4500
001 UCM9138
003 CL-VaPUC
008 030411e19860000US |||||||||||||||||eng|d
082 0 4 |a 808.3  |b MAR  |2 21 
100 |a Martin, Wallace  |e autor  |9 475547 
245 1 0 |a Recent theories of narrative 
300 |a 242 p 
942 |c BK 
945 |d 20030411 00:00:00  |a cmena 
260 |a Ithaca  |b Cornell University  |c 1986 
650 0 |a Narración   |9 310539 
650 0 |a Retórica   |9 266620 
650 0 |a Estilos literarios  |9 310538 
583 |a last modification  |c 20030411 00:00:00  |k Rodrigo Vera 
999 |c 303514  |d 303512 
952 |0 0  |1 0  |4 0  |6 808_300000000000000_MAR_1986  |7 0  |8 A  |9 364863  |a FDOPOS  |b FDOPOS  |d 2019-11-21  |i 3895203  |o 808.3 MAR 1986  |p 3895203  |r 2025-01-22  |w 2019-11-21  |y BK  |k MLA